[Event "Crema op 16th"]
[Site "Crema"]
[Date "2015.09.06"]
[Round "5"]
[White "Gnata, Ilaria"]
[Black "Bongiorni, Gabriele"]
[Result "0-1"]
[WhiteElo "1294"]
[BlackElo "1817"]
[PlyCount "98"]
[EventDate "2015.09.04"]
[EventType "swiss"]
[EventRounds "6"]
[EventCountry "ITA"]
[SourceTitle "EXT 2024"]
[Source "ChessBase"]
[SourceDate "2023.10.10"]
[SourceVersion "1"]
[SourceVersionDate "2023.10.10"]
[SourceQuality "1"]

1. e4 c5 2. c3 d5 3. exd5 Qxd5 4. d4 Nf6 5. Nf3 cxd4 6. cxd4 e6 7. Nc3 Qd8 8. Bc4 Be7 9. d5 exd5 10. Nxd5 0-0 11. 0-0 Nxd5 12. Qxd5 Qc7 13. Qe4 Bf6 14. Bf4 Qe7 15. Qxe7 Bxe7 16. Rad1 Nc6 17. Rfe1 Bg4 18. Be2 Bf6 19. Rd2 Be6 20. a3 Rad8 21. Red1 Rxd2 22. Rxd2 Rd8 23. Rxd8+ Nxd8 24. Be5 Bxe5 25. Nxe5 f6 26. Nd3 Bc4 27. f3 Ne6 28. Kf2 Kf8 29. Nb4 Bb3 30. g3 Ke7 31. Ke3 Kd6 32. Kd3 a5 33. Nc2 Kc5 34. Ne3 Nd4 35. Ng2 Bc4+ 36. Ke4 Bxe2 37. Kf4 g5+ 38. Ke3 Bxf3 39. Ne1 g4 40. h3 h5 41. hxg4 hxg4 42. Kf4 Ne2+ 43. Ke3 Nxg3 44. Nxf3 gxf3 45. Kxf3 Nf5 46. Kf4 Nd4 47. Ke3 Kc4 48. Ke4 Kb3 49. Kxd4 Kxb2 0-1

[Event "Crema op 16th"]
[Site "Crema"]
[Date "2015.09.05"]
[Round "4"]
[White "Giuriato, Sergio"]
[Black "Gnata, Ilaria"]
[Result "1-0"]
[WhiteElo "1918"]
[BlackElo "1294"]
[PlyCount "63"]
[EventDate "2015.09.04"]
[EventType "swiss"]
[EventRounds "6"]
[EventCountry "ITA"]
[SourceTitle "EXT 2024"]
[Source "ChessBase"]
[SourceDate "2023.10.10"]
[SourceVersion "1"]
[SourceVersionDate "2023.10.10"]
[SourceQuality "1"]

1. d4 Nf6 2. c4 g6 3. Nf3 Bg7 4. g3 0-0 5. Bg2 Re8 6. 0-0 e6 7. Nc3 d5 8. Qd3 Nbd7 9. Bf4 c5 10. e3 cxd4 11. exd4 Nb6 12. c5 Nc4 13. b3 Na5 14. Nb5 Re7 15. Bd6 Rd7 16. Ne5 Ne8 17. Nxd7 Nxd6 18. Ne5 Nxb5 19. Qxb5 b6 20. Rfe1 Nb7 21. b4 bxc5 22. bxc5 Na5 23. Rac1 Bxe5 24. dxe5 Nc4 25. Rxc4 dxc4 26. Bxa8 c3 27. Qe2 Qa5 28. Rc1 Qxc5 29. Qe3 Qxe3 30. fxe3 c2 31. Rxc2 Ba6 32. Rc7 1-0

[Event "Biella Vercelli Province-ch"]
[Site "Biella"]
[Date "2015.03.07"]
[Round "3"]
[White "Lavino, Stefano"]
[Black "Gnata, Ilaria"]
[Result "1-0"]
[WhiteElo "1633"]
[BlackElo "1268"]
[PlyCount "99"]
[EventDate "2015.03.06"]
[EventType "swiss"]
[EventRounds "5"]
[EventCountry "ITA"]
[SourceTitle "EXT 2017"]
[Source "ChessBase"]
[SourceDate "2016.10.25"]
[SourceVersion "1"]
[SourceVersionDate "2016.10.25"]
[SourceQuality "1"]

1. d4 d5 2. Nf3 c6 3. g3 Nf6 4. Bg2 e6 5. 0-0 Nbd7 6. c4 Bd6 7. Nc3 a6 8. a4 0-0 9. Bg5 h6 10. Bxf6 Nxf6 11. Qc2 Re8 12. Rfd1 Bc7 13. Nd2 b6 14. e4 Bb7 15. cxd5 cxd5 16. Rac1 Rc8 17. Qb3 Kf8 18. e5 Nd7 19. f4 g6 20. Nf3 Kg7 21. Bf1 f6 22. exf6+ Nxf6 23. Ne5 Bxe5 24. fxe5 Ng4 25. Ne2 Rxc1 26. Rxc1 h5 27. Nf4 Kh7 28. Qc2 Rg8 29. Nxe6 Qd7 30. Qc7 Qxc7 31. Rxc7+ Kh6 32. Rxb7 Ne3 33. Bxa6 Rc8 34. Rh7+ Kxh7 35. Bxc8 Nc4 36. b4 Kg8 37. Nf4 Kf7 38. Be6+ Kg7 39. Bxd5 Ne3 40. Kf2 Nf5 41. a5 bxa5 42. bxa5 Nxd4 43. Ne6+ Nxe6 44. Bxe6 Kf8 45. a6 Ke7 46. a7 Kxe6 47. a8Q Kxe5 48. Ke3 Kf5 49. Qe4+ Kg5 50. Qf4# 1-0

[Event "Biella Vercelli Province-ch"]
[Site "Biella"]
[Date "2014.03.16"]
[Round "4"]
[White "Gnata, Ilaria"]
[Black "Borghi, Dario"]
[Result "0-1"]
[WhiteElo "1449"]
[BlackElo "1739"]
[PlyCount "102"]
[EventDate "2014.03.14"]
[EventType "swiss"]
[EventRounds "5"]
[EventCountry "ITA"]
[SourceTitle "EXT 2015"]
[Source "ChessBase"]
[SourceDate "2014.11.20"]
[SourceVersion "1"]
[SourceVersionDate "2014.11.20"]
[SourceQuality "1"]

1. e4 e5 2. Nf3 Nc6 3. Bc4 Bc5 4. d3 d6 5. Ng5 Nh6 6. Nc3 Na5 7. Na4 Nxc4 8. dxc4 Bb6 9. Bd2 Bd7 10. Nc3 Ba5 11. Qe2 Bxc3 12. bxc3 0-0 13. Nh3 Ng4 14. Qf3 Qf6 15. Ng5 Qxf3 16. Nxf3 Nf6 17. 0-0 Nxe4 18. Be1 Be6 19. Rb1 b6 20. c5 dxc5 21. Rb2 Bc4 22. Nxe5 Bxf1 23. Kxf1 Rfe8 24. Ng4 Rad8 25. Rb1 Nd2+ 26. Bxd2 Rxd2 27. Rc1 Ree2 28. Ne3 Rxf2+ 29. Ke1 Rde2+ 30. Kd1 Rxe3 31. Rb1 Rf1+ 32. Kd2 Rxb1 33. Kxe3 Rb2 34. Kd3 Rxa2 35. c4 c6 36. c3 Rxg2 37. h3 b5 38. h4 a5 39. h5 a4 40. cxb5 cxb5 41. c4 b4 42. Ke3 Rc2 43. Kd3 Rc3+ 44. Ke4 a3 45. Ke5 Rd3 46. Ke4 Rd4+ 47. Ke5 f6+ 48. Ke6 a2 49. Ke7 a1Q 50. Ke6 Qe1+ 51. Kf5 Qe4# 0-1